| 000 | 01098cad a22002295a 4500 | ||
|---|---|---|---|
| 001 | E149894 | ||
| 008 | 100512s2010 xxk 000 0 eng u | ||
| 020 | _a9781859463239 | ||
| 035 | _a(Sirsi) u149894 | ||
| 041 | 0 | _aeng | |
| 050 | 0 | 4 | _a692.2 $2 18 |
| 110 | 1 |
_aUnited Kingdom _bHM Government _95056 |
|
| 245 | 0 | 4 |
_aThe Building Regulations 2000 _bsanitation, hot water safety and water efficiency, approved document G _h[electronic resource] |
| 260 |
_aLondon _bNBS _c2010 |
||
| 520 | _aComes into force on 6 April 2010, after which date previous editions of Approved Document G will no longer be valid, except where it continues to apply in consequence of the transitional arrangements set out in SI 2009/1219, as amended by SI 2009/2465. | ||
| 590 | _aKA NTK | ||
| 650 | 2 | 4 | _aBUILDING REGULATIONS 2000 APPROVED DOCUMENT G (2010 EDITION) |
| 651 | 4 |
_aEngland and Wales _y1543- |
|
| 690 |
_aBuilding regulations _96224 |
||
| 856 | 4 | 0 |
_uhttps://www.planningportal.gov.uk/uploads/br/100312_app_doc_G_2010.pdf _zView Approved Document G free of charge at www.planningportal.gov.uk... |
| 942 | _n0 | ||
| 999 |
_c110672 _d110672 |
||